[Event "Ste-Foy CC-ch"]
[Site "Ste-Foy CAN"]
[Date "2014.05.24"]
[Round "2"]
[White "Laflamme, Simon"]
[Black "Bahadi, Khalid"]
[Result "1-0"]
[WhiteElo "1966"]
[BlackElo "1977"]
[PlyCount "76"]
[EventDate "2014.05.17"]
[EventType "tourn"]
[EventRounds "5"]
[EventCountry "CAN"]

1. Nf3 d5 2. c4 c6 3. e3 Nf6 4. Nc3 e6 5. Qc2 Nbd7 6. b3 Bd6 7. Bb2 e5 8. cxd5
cxd5 9. Nb5 Bb8 10. Rc1 O-O 11. Nc7 Bxc7 12. Qxc7 Qxc7 13. Rxc7 Ne8 14. Rc1 f6
15. Bb5 a6 16. Rxc8 Rxc8 17. Bxd7 Rc2 18. Ba3 Rxa2 19. Bxf8 Ra1+ 20. Ke2 Rxh1
21. Bc5 Kf7 22. Ne1 a5 23. h3 g5 24. Bc8 b5 25. Bd7 a4 26. bxa4 bxa4 27. Bxa4
Ke6 28. Bxe8 f5 29. Bh5 e4 30. Bb4 d4 31. exd4 Kd5 32. Bc3 f4 33. d3 f3+ 34.
gxf3 exd3+ 35. Nxd3 Rxh3 36. Bf7+ Kc6 37. d5+ Kb7 38. d6 Kc6 1-0

[Event "Ste-Foy CC-ch"]
[Site "Ste-Foy CAN"]
[Date "2014.05.31"]
[Round "3"]
[White "Doyon, Stephane"]
[Black "Gaudreau, Eric"]
[Result "1-0"]
[WhiteElo "1850"]
[BlackElo "1715"]
[PlyCount "75"]
[EventDate "2014.05.17"]
[EventType "tourn"]
[EventRounds "5"]
[EventCountry "CAN"]

1. e4 e6 2. d3 d5 3. Nd2 c5 4. Ngf3 Nc6 5. g3 g6 6. Bg2 Bg7 7. O-O Nge7 8. Re1
b6 9. Nf1 a5 10. e5 Qc7 11. Bf4 h6 12. h4 g5 13. hxg5 hxg5 14. Bxg5 Nxe5 15.
Nxe5 Bxe5 16. Ne3 f6 17. Ng4 Rf8 18. Nxe5 fxe5 19. Qh5+ Kd7 20. Qh7 Re8 21. Bf6
e4 22. dxe4 d4 23. Rad1 Ra7 24. Bxd4 Kc6 25. e5+ Kb5 26. Qd3+ c4 27. Qa3 Bb7
28. f3 Nf5 29. b3 Rh8 30. bxc4+ Ka6 31. Qb3 Bc6 32. Bf2 Rb7 33. c5 Qh7 34. Qxe6
Qh2+ 35. Kf1 Nxg3+ 36. Bxg3 Qxg3 37. Qxc6 Rh2 38. Re2 1-0

[Event "Ste-Foy CC-ch"]
[Site "Ste-Foy CAN"]
[Date "2014.05.31"]
[Round "3"]
[White "Sarra-Bournet, Marc"]
[Black "Laflamme, Simon"]
[Result "0-1"]
[WhiteElo "1979"]
[BlackElo "1966"]
[PlyCount "90"]
[EventDate "2014.05.17"]
[EventType "tourn"]
[EventRounds "5"]
[EventCountry "CAN"]

1. e4 c6 2. d4 d5 3. Nc3 dxe4 4. Nxe4 Bf5 5. Ng3 Bg6 6. h4 h6 7. h5 Bh7 8. Nf3
Nd7 9. Bd3 Bxd3 10. Qxd3 e6 11. Bd2 Ngf6 12. O-O-O Be7 13. Rde1 O-O 14. c4 Qc7
15. Nf5 Bd6 16. Nxd6 Qxd6 17. Rh4 c5 18. Bf4 Qa6 19. Kb1 cxd4 20. Qxd4 Rfd8 21.
b3 Rac8 22. Rd1 b5 23. cxb5 Qxb5 24. Be3 e5 25. Qd2 Nb6 26. Qxd8+ Rxd8 27.
Rxd8+ Kh7 28. Rh1 Nbd5 29. Rc1 Qd3+ 30. Kb2 Qf5 31. Bxa7 Qxh5 32. Re1 e4 33.
Nd4 Nb4 34. Re2 Qa5 35. Ra8 Qxa2+ 36. Kc3 Nfd5+ 37. Kc4 Qa6+ 38. Nb5 Qc6+ 39.
Bc5 Qxa8 40. Bxb4 Nb6+ 41. Kc5 Nd7+ 42. Kd6 Qa6+ 43. Ke7 Qxb5 44. Rxe4 Nf6 45.
Rc4 Qd7+ 0-1

[Event "Ste-Foy CC-ch"]
[Site "Ste-Foy CAN"]
[Date "2014.05.31"]
[Round "3"]
[White "Sauve, Richard"]
[Black "Bahadi, Khalid"]
[Result "0-1"]
[WhiteElo "1880"]
[BlackElo "1977"]
[PlyCount "54"]
[EventDate "2014.05.17"]
[EventType "tourn"]
[EventRounds "5"]
[EventCountry "CAN"]

1. d4 d5 2. c4 c6 3. e3 Nf6 4. Nc3 Nbd7 5. Nf3 e6 6. Qc2 Bb4 7. Bd3 c5 8. O-O
Bxc3 9. bxc3 O-O 10. Rd1 Qc7 11. Bd2 Re8 12. cxd5 c4 13. Bf1 exd5 14. Be1 b5
15. g3 Nf8 16. a4 Bg4 17. Bg2 a6 18. Rdb1 Rab8 19. Bd2 Qc8 20. Rb4 Ne6 21. Ne5
Ng5 22. h4 Rxe5 23. dxe5 Nf3+ 24. Kf1 Ne4 25. Be1 Qf5 26. Qb2 Ned2+ 27. Ke2
Nd4+ 0-1

[Event "Ste-Foy CC-ch"]
[Site "Ste-Foy CAN"]
[Date "2014.06.07"]
[Round "4"]
[White "Bahadi, Khalid"]
[Black "Sarra-Bournet, Marc"]
[Result "1-0"]
[WhiteElo "1977"]
[BlackElo "1979"]
[PlyCount "119"]
[EventDate "2014.05.17"]
[EventType "tourn"]
[EventRounds "5"]
[EventCountry "CAN"]

1. e4 e5 2. Nf3 Nc6 3. Bc4 Bc5 4. c3 Nf6 5. d4 exd4 6. cxd4 Bb4+ 7. Kf1 O-O 8.
e5 d5 9. Bd3 Ne4 10. Nc3 Bg4 11. Be3 f5 12. Rc1 Kh8 13. h3 Bxc3 14. hxg4 Bxb2
15. gxf5 Rxf5 16. g4 Rxf3 17. Qxf3 Bxc1 18. Bxe4 dxe4 19. Qxe4 h6 20. Bxc1 Qxd4
21. Qxd4 Nxd4 22. g5 Re8 23. f4 Nf5 24. Kf2 Kh7 25. gxh6 gxh6 26. Rd1 Kg6 27.
Kf3 Re6 28. Ke4 Ng3+ 29. Kf3 Nh5 30. Rh1 Ng7 31. Ke4 Ra6 32. f5+ Kf7 33. e6+
Nxe6 34. fxe6+ Rxe6+ 35. Kf3 Kg7 36. Bf4 c5 37. Rd1 Kg6 38. Rd5 b6 39. Be5 a6
40. Kf4 c4 41. Rd7 h5 42. Rg7+ Kh6 43. Rc7 b5 44. Kf5 Rxe5+ 45. Kxe5 Kg5 46.
Rg7+ Kh4 47. Kf4 b4 48. Rg3 a5 49. Re3 c3 50. Rf3 a4 51. Rf2 Kh3 52. Rc2 h4 53.
Kf3 a3 54. Re2 b3 55. axb3 a2 56. Rxa2 c2 57. Ra1 Kh2 58. Rc1 h3 59. Rxc2+ Kg1
60. Kg3 1-0

[Event "Ste-Foy CC-ch"]
[Site "Ste-Foy CAN"]
[Date "2014.06.07"]
[Round "4"]
[White "Gaudreau, Eric"]
[Black "Laflamme, Simon"]
[Result "1/2-1/2"]
[WhiteElo "1715"]
[BlackElo "1966"]
[PlyCount "64"]
[EventDate "2014.05.17"]
[EventType "tourn"]
[EventRounds "5"]
[EventCountry "CAN"]

1. d4 Nf6 2. c4 e6 3. Nc3 Bb4 4. e3 b6 5. Nge2 c5 6. a3 Ba5 7. Bd2 Bb7 8. Ng3
O-O 9. Bd3 Bxg2 10. Rg1 Bb7 11. Nh5 Nxh5 12. Qxh5 f5 13. O-O-O Qf6 14. Rg3 Qf7
15. Qh4 Qf6 16. Qf4 Rf7 17. Nb5 Bxd2+ 18. Rxd2 cxd4 19. exd4 Nc6 20. Nd6 Nxd4
21. Nxb7 Nb3+ 22. Kb1 e5 23. Qe3 Nxd2+ 24. Qxd2 Qc6 25. Qg5 Qxb7 26. Bxf5 Raf8
27. Qg4 Kh8 28. Be4 Qc7 29. Qh5 g6 30. Rxg6 d6 31. Rh6 Qe7 32. f3 Rg7 1/2-1/2

[Event "Ste-Foy CC-ch"]
[Site "Ste-Foy CAN"]
[Date "2014.06.03"]
[Round "4"]
[White "Sauve, Richard"]
[Black "Doyon, Stephane"]
[Result "1/2-1/2"]
[WhiteElo "1880"]
[BlackElo "1850"]
[PlyCount "62"]
[EventDate "2014.05.17"]
[EventType "tourn"]
[EventRounds "5"]
[EventCountry "CAN"]

1. d4 d5 2. c4 c6 3. e3 Nf6 4. Nc3 e6 5. Nf3 Nbd7 6. Qc2 Bd6 7. Bd3 O-O 8. O-O
dxc4 9. Bxc4 b5 10. Bd3 Bb7 11. e4 e5 12. d5 b4 13. dxc6 Bxc6 14. Nb5 Bxb5 15.
Bxb5 Rc8 16. Qe2 Nc5 17. Bg5 Ncxe4 18. Bxf6 Nxf6 19. Nxe5 Qe7 20. Rfe1 Rc5 21.
Nd7 Qxe2 22. Nxf6+ gxf6 23. Bxe2 Be5 24. Rac1 Rfc8 25. Rxc5 Rxc5 26. b3 Rc2 27.
Bc4 Rxa2 28. Kf1 a5 29. Bb5 Bd4 30. Re2 Ra1+ 31. Re1 Ra2 1/2-1/2

[Event "Ste-Foy CC-ch"]
[Site "Ste-Foy CAN"]
[Date "2014.06.14"]
[Round "5"]
[White "Gaudreau, Eric"]
[Black "Bahadi, Khalid"]
[Result "1/2-1/2"]
[WhiteElo "1715"]
[BlackElo "1977"]
[PlyCount "105"]
[EventDate "2014.05.17"]
[EventType "tourn"]
[EventRounds "5"]
[EventCountry "CAN"]

1. b3 d5 2. Bb2 c5 3. e3 Nc6 4. Bb5 Nf6 5. Nf3 a6 6. Bxc6+ bxc6 7. Ne5 Qc7 8.
f4 e6 9. O-O Bd6 10. Rf3 Bb7 11. Rg3 Rg8 12. d3 O-O-O 13. Nd2 g5 14. Rxg5 Rxg5
15. fxg5 Bxe5 16. Bxe5 Qxe5 17. gxf6 Qxe3+ 18. Kh1 Qf4 19. Nf3 Qxf6 20. Qg1 Rg8
21. Re1 Qc3 22. Qf2 Rg6 23. Ne5 Rf6 24. Qe2 Rf5 25. a4 f6 26. Nf7 Kb8 27. g4
Rf4 28. Nd8 e5 29. Ne6 Rxg4 30. Nxc5 Rg6 31. Nxb7 Kxb7 32. Rf1 d4 33. Rg1 Rh6
34. Rg3 Qa1+ 35. Rg1 Qb2 36. Qd2 Rg6 37. Qb4+ Kc8 38. Qf8+ Kd7 39. Qf7+ Kd6 40.
Rxg6 hxg6 41. Qxf6+ Kd5 42. Qf7+ Kc5 43. Qc4+ Kd6 44. Qb4+ Ke6 45. Qc4+ Kd6 46.
Qb4+ Ke6 47. Qc4+ Kf5 48. Qxc6 Qc1+ 49. Kg2 Qd2+ 50. Kg3 Qe1+ 51. Kg2 Qe2+ 52.
Kg3 Qe1+ 53. Kg2 1/2-1/2

[Event "Ste-Foy CC-ch"]
[Site "Ste-Foy CAN"]
[Date "2014.06.14"]
[Round "5"]
[White "Laflamme, Simon"]
[Black "Doyon, Stephane"]
[Result "1-0"]
[WhiteElo "1966"]
[BlackElo "1850"]
[PlyCount "109"]
[EventDate "2014.05.17"]
[EventType "tourn"]
[EventRounds "5"]
[EventCountry "CAN"]

1. Nf3 d5 2. c4 c6 3. e3 Nf6 4. Nc3 e6 5. Qc2 Nbd7 6. b3 Bd6 7. Bb2 O-O 8. Be2
Re8 9. Rg1 a6 10. g4 Ne5 11. Nxe5 Bxe5 12. f4 d4 13. Nd1 d3 14. Bxd3 Bxb2 15.
Nxb2 e5 16. f5 e4 17. Be2 b5 18. O-O-O bxc4 19. Nxc4 Nd5 20. d3 Nb4 21. Qd2
Nxd3+ 22. Bxd3 exd3 23. Qxd3 Qxd3 24. Rxd3 a5 25. Rc3 Ra6 26. Rd1 g6 27. Nd6
Rf8 28. e4 Rb6 29. Nc4 Ra6 30. Ne5 Bb7 31. Rd7 Ba8 32. Rc5 f6 33. Nc4 Rf7 34.
Rxf7 Kxf7 35. Rxa5 Rxa5 36. Nxa5 c5 37. Nc4 Ke7 38. Nd2 gxf5 39. exf5 Bg2 40.
Nc4 Bf3 41. h3 h5 42. gxh5 Bxh5 43. Kd2 Bf3 44. Ke3 Bd1 45. Nd2 Bc2 46. Kf4 Bd3
47. h4 Be2 48. a4 Bd1 49. a5 Be2 50. Nc4 Kd7 51. Ne3 Bh5 52. Nd5 Kc6 53. Nxf6
Bf7 54. h5 Bxb3 55. h6 1-0

[Event "Ste-Foy CC-ch"]
[Site "Ste-Foy CAN"]
[Date "2014.05.19"]
[Round "5"]
[White "Sarra-Bournet, Marc"]
[Black "Sauve, Richard"]
[Result "1/2-1/2"]
[WhiteElo "1979"]
[BlackElo "1880"]
[PlyCount "123"]
[EventDate "2014.05.17"]
[EventType "tourn"]
[EventRounds "5"]
[EventCountry "CAN"]

1. e4 e6 2. d4 d5 3. Nd2 Nf6 4. e5 Nfd7 5. f4 c5 6. c3 Nc6 7. Ne2 Be7 8. g3 O-O
9. Bh3 Qb6 10. Nf3 cxd4 11. cxd4 f5 12. exf6 Nxf6 13. O-O Ne4 14. Kg2 Bd7 15.
Nc3 Nxc3 16. bxc3 Rac8 17. Qe1 Rf6 18. Ng5 Nd8 19. Rf2 Nf7 20. f5 Nxg5 21. Bxg5
Rf7 22. Bxe7 Rxe7 23. Rb1 Qc6 24. Rb3 Rf7 25. Re2 exf5 26. Re5 f4 27. Be6 Bxe6
28. Rxe6 Qd7 29. Qe5 fxg3 30. hxg3 Rcf8 31. Rb2 b6 32. Re2 Qc8 33. Qxd5 Qxc3
34. R6e3 Qc7 35. Re7 Qd8 36. Qb3 Qa8+ 37. Kh2 Qf3 38. R7e3 Qh5+ 39. Kg2 Kh8 40.
Re5 Qf3+ 41. Qxf3 Rxf3 42. Re7 Ra3 43. d5 Rd3 44. Rd7 h6 45. Ree7 Rc8 46. Rxg7
Rxd5 47. Rh7+ Kg8 48. Rdg7+ Kf8 49. Rxa7 Rc2+ 50. Kf3 Kg8 51. Rhb7 Rc3+ 52. Ke4
Rd8 53. Rxb6 Rxg3 54. Rxh6 Rg7 55. Rxg7+ Kxg7 56. Ra6 Kf7 57. Ke5 Rd2 58. a4
Ke7 59. Rb6 Kd7 60. a5 Kc7 61. Rh6 Kb7 62. Ke4 1/2-1/2

[Event "Ste-Foy DVDM 2014.10"]
[Site "Ste-Foy CAN"]
[Date "2014.10.31"]
[Round "2"]
[White "Bleau, John"]
[Black "Robitaille, Denis"]
[Result "1-0"]
[WhiteElo "1276"]
[BlackElo "1526"]
[PlyCount "47"]
[EventDate "2014.10.31"]
[EventType "swiss (rapid)"]
[EventRounds "4"]
[EventCountry "CAN"]

1. e4 h6 2. d4 a6 3. a4 e6 4. Bc4 c5 5. d5 Qf6 6. Nf3 d6 7. a5 e5 8. c3 Be7 9.
Be3 g5 10. Qa4+ Nd7 11. b4 cxb4 12. cxb4 Qg6 13. Nfd2 Ngf6 14. Nc3 O-O 15. b5
Ng4 16. bxa6 Nxe3 17. axb7 Nc5 18. bxa8=Q Nxa4 19. Rxa4 Nxg2+ 20. Kf1 Bh3 21.
Qa7 Nf4+ 22. Ke1 Ng2+ 23. Kd1 Bg4+ 24. Be2 1-0

[Event "Toronto Closed"]
[Site "Toronto CAN"]
[Date "2014.03.17"]
[Round "1"]
[White "Barron, Michael"]
[Black "Humphreys, Michael"]
[Result "1/2-1/2"]
[WhiteElo "2275"]
[BlackElo "2308"]
[PlyCount "172"]
[EventDate "2014.03.17"]
[EventType "tourn"]
[EventRounds "7"]
[EventCountry "CAN"]

1. e4 c6 2. d4 d5 3. Nd2 dxe4 4. Nxe4 Bf5 5. Ng3 Bg6 6. Nf3 Nd7 7. h4 h6 8. h5
Bh7 9. Bd3 Bxd3 10. Qxd3 e6 11. Bf4 Qa5+ 12. Bd2 Bb4 13. c3 Be7 14. c4 Qc7 15.
O-O-O Ngf6 16. Bc3 b5 17. cxb5 cxb5 18. Qxb5 Nd5 19. Qa5 Qb7 20. Kb1 O-O 21.
Ka1 Rab8 22. Rb1 Rfc8 23. Rhc1 Rc6 24. Qa4 Ra6 25. Qc4 Rc8 26. Qe2 Qc6 27. Ba5
Qxc1 28. Qxa6 N7b6 29. Bd2 Qc2 30. Qb5 a6 31. Qb3 Bb4 32. Nf1 Qxb3 33. axb3
Bxd2 34. N1xd2 Nb4 35. Rd1 Rc2 36. Kb1 N6d5 37. Ne1 Rc7 38. Ne4 f5 39. Nc5 Kf7
40. Ned3 Nxd3 41. Rxd3 a5 42. g3 Nf6 43. Re3 Re7 44. Kc2 Nxh5 45. b4 axb4 46.
Kb3 Nf6 47. Re5 g5 48. Kxb4 h5 49. Re1 Ng4 50. Nd3 Rb7+ 51. Kc5 Rb3 52. Kc4 Rb8
53. b4 h4 54. gxh4 gxh4 55. f3 Rc8+ 56. Kb3 Nf6 57. Ne5+ Ke7 58. Rh1 Nd5 59.
Rxh4 Kd6 60. Rh7 Rc7 61. Rxc7 Kxc7 62. Kc4 Kb6 63. Nd7+ Kc6 64. Nc5 Nb6+ 65.
Kd3 Kd6 66. b5 e5 67. Nb7+ Kd5 68. dxe5 Kxe5 69. Na5 Kd5 70. Nb3 Ke5 71. Nd4
Kf4 72. Ke2 Ke5 73. Kd3 Kf4 74. Kc3 Ke3 75. Nxf5+ Kxf3 76. Kd4 Na4 77. Ne7 Kf4
78. Nd5+ Kf5 79. Kc4 Nb2+ 80. Kc5 Ke6 81. Nc3 Kd7 82. b6 Nd3+ 83. Kb5 Kc8 84.
Ne4 Kb8 85. Nd6 Ne5 86. b7 Nd7 1/2-1/2

[Event "Toronto Closed"]
[Site "Toronto CAN"]
[Date "2014.03.17"]
[Round "1"]
[White "Song, Michael"]
[Black "Plotkin, Victor"]
[Result "1/2-1/2"]
[WhiteElo "2416"]
[BlackElo "2406"]
[PlyCount "140"]
[EventDate "2014.03.17"]
[EventType "tourn"]
[EventRounds "7"]
[EventCountry "CAN"]

1. e4 e5 2. f4 Nf6 3. fxe5 Nxe4 4. Nf3 Ng5 5. d4 Nxf3+ 6. Qxf3 Qh4+ 7. Qf2
Qxf2+ 8. Kxf2 d6 9. exd6 Bxd6 10. Nd2 Bf5 11. Nc4 Be7 12. Bf4 Kd8 13. Re1 Re8
14. Ne5 f6 15. Nd3 Bd6 16. Bxd6 cxd6 17. Rxe8+ Kxe8 18. Nf4 Nc6 19. c3 Kf8 20.
Be2 Re8 21. Bf3 Be4 22. g4 Bxf3 23. Kxf3 Kf7 24. Rd1 g5 25. Nd5 Kg6 26. Rf1 Re6
27. h4 h5 28. gxh5+ Kxh5 29. Rh1 Kg6 30. Ne3 gxh4 31. Rg1+ Kf7 32. Nf5 Nd8 33.
Rg7+ Kf8 34. Rd7 Nf7 35. Nxh4 Ng5+ 36. Kg4 Re4+ 37. Kh5 Re2 38. Rxb7 Rh2 39.
Kg4 Nf7 40. Nf5 Kg8 41. a4 a5 42. Ne7+ Kg7 43. Nc6 Kg6 44. Nxa5 Ng5 45. Nc4 f5+
46. Kg3 Rh3+ 47. Kg2 f4 48. Nd2 Rd3 49. Nf1 Ne4 50. Re7 f3+ 51. Kh3 d5 52. c4
Rd1 53. Ne3 Rh1+ 54. Kg4 f2 55. cxd5 Nf6+ 56. Kg3 Nxd5 57. Rb7 Nxe3 58. Kxf2
Nd5 59. Rb5 Nf4 60. a5 Ra1 61. Ke3 Ne6 62. d5 Nc7 63. Rc5 Ne8 64. b4 Kf5 65.
Rc6 Ra4 66. d6 Ke6 67. Rb6 Nxd6 68. Kd4 Ra1 69. Rc6 Kd7 70. Rc2 Nb7 1/2-1/2

[Event "Toronto op"]
[Site "Toronto, CAN"]
[Date "2014.04.18"]
[Round "1"]
[White "Du, Digeng"]
[Black "Gerzhoy, Leonid"]
[Result "1/2-1/2"]
[WhiteElo "2286"]
[BlackElo "2583"]
[PlyCount "54"]
[EventDate "2014.04.18"]
[EventType "swiss"]
[EventRounds "6"]
[EventCountry "CAN"]

1. Nf3 Nf6 2. c4 g6 3. Nc3 Bg7 4. g3 O-O 5. Bg2 c6 6. d4 d5 7. cxd5 cxd5 8. O-O
Ne4 9. Ne5 Nxc3 10. bxc3 e6 11. e4 Nc6 12. Nxc6 bxc6 13. Ba3 Re8 14. Qa4 Bd7
15. Bc5 e5 16. Rfe1 exd4 17. cxd4 dxe4 18. Bxe4 Qc7 19. Qa6 h5 20. h4 Qc8 21.
Qxc8 Raxc8 22. Bxa7 c5 23. Bd5 Bxd4 24. Rac1 Rxe1+ 25. Rxe1 Bc6 26. Bxc6 Rxc6
27. Rc1 Ra6 1/2-1/2

[Event "Toronto op"]
[Site "Toronto, CAN"]
[Date "2014.04.18"]
[Round "1"]
[White "Humphreys, Michael"]
[Black "Southam, David"]
[Result "0-1"]
[WhiteElo "2307"]
[BlackElo "2208"]
[PlyCount "76"]
[EventDate "2014.04.18"]
[EventType "swiss"]
[EventRounds "6"]
[EventCountry "CAN"]

1. Nf3 d5 2. d4 c6 3. c4 e6 4. Bg5 Nf6 5. e3 Nbd7 6. cxd5 exd5 7. Nc3 Be7 8.
Bd3 O-O 9. Qc2 Re8 10. h3 Nf8 11. O-O-O Ne4 12. Bxe7 Qxe7 13. Bxe4 dxe4 14. Nd2
f5 15. Kb1 Be6 16. Rhg1 Nd7 17. g4 Nf6 18. gxf5 Bxf5 19. Rg5 Bxh3 20. Rdg1 g6
21. Nc4 Kh8 22. Ne5 Bf5 23. Rh1 Rg8 24. f3 Nd7 25. f4 Nxe5 26. dxe5 Rad8 27.
Ne2 Rd3 28. Ng3 Rxe3 29. Nxf5 gxf5 30. Rxf5 Reg3 31. Re1 Rg1 32. Qc3 Rxe1+ 33.
Qxe1 Qc5 34. Qc3 Qg1+ 35. Qc1 Qd4 36. e6 Rg1 37. Rf8+ Kg7 38. Rf7+ Kg8 0-1

[Event "Toronto op"]
[Site "Toronto, CAN"]
[Date "2014.04.18"]
[Round "1"]
[White "Peev, Pavel"]
[Black "Derraugh, Geordie"]
[Result "1/2-1/2"]
[WhiteElo "2221"]
[BlackElo "2368"]
[PlyCount "44"]
[EventDate "2014.04.18"]
[EventType "swiss"]
[EventRounds "6"]
[EventCountry "CAN"]

1. e4 c5 2. Nf3 d6 3. d4 cxd4 4. Nxd4 Nf6 5. Nc3 a6 6. Be2 e5 7. Nb3 Be7 8. O-O
O-O 9. Kh1 b5 10. a4 b4 11. Nd5 Nxd5 12. Qxd5 Ra7 13. Be3 Be6 14. Qd2 Rd7 15.
Qxb4 Qc8 16. Rac1 Rb7 17. Qd2 Rd8 18. a5 d5 19. Bb6 Rd6 20. Bc5 Rd8 21. Bb6 Rd6
22. Bc5 Rd8 1/2-1/2

[Event "Toronto op"]
[Site "Toronto, CAN"]
[Date "2014.04.18"]
[Round "1"]
[White "Sapozhnikov, Roman"]
[Black "Filipovich, David"]
[Result "1-0"]
[WhiteElo "2385"]
[BlackElo "2223"]
[PlyCount "73"]
[EventDate "2014.04.18"]
[EventType "swiss"]
[EventRounds "6"]
[EventCountry "CAN"]

1. d4 g6 2. e4 Bg7 3. Nc3 c6 4. Bc4 b5 5. Bb3 a5 6. a4 b4 7. Nce2 d5 8. e5 f6
9. f4 Nh6 10. Nf3 O-O 11. O-O Bg4 12. h3 Bxf3 13. Rxf3 fxe5 14. dxe5 e6 15. c4
bxc3 16. Rxc3 Qd7 17. Nd4 Nf5 18. Nxf5 Rxf5 19. Be3 Na6 20. Rac1 Nb4 21. g4 Rf7
22. g5 Kh8 23. Qd2 Raf8 24. Rd1 Rf5 25. Bc2 R5f7 26. h4 Qb7 27. Bb1 Qa6 28. Bd3
Qb7 29. Be2 d4 30. Qxd4 Nd5 31. Rc4 Nxf4 32. Bxf4 Rxf4 33. Qxf4 Rxf4 34. Rxf4
Qb6+ 35. Kf1 Bxe5 36. Rf8+ Kg7 37. Rfd8 1-0

[Event "Toronto op"]
[Site "Toronto, CAN"]
[Date "2014.04.18"]
[Round "2"]
[White "Derraugh, Geordie"]
[Black "Du, Digeng"]
[Result "1-0"]
[WhiteElo "2368"]
[BlackElo "2286"]
[PlyCount "123"]
[EventDate "2014.04.18"]
[EventType "swiss"]
[EventRounds "6"]
[EventCountry "CAN"]

1. e4 d6 2. d4 Nf6 3. Nc3 g6 4. Nf3 Bg7 5. h3 O-O 6. Be3 c6 7. a4 a5 8. Qd2 d5
9. e5 Ne4 10. Nxe4 dxe4 11. Ng5 c5 12. c3 Nc6 13. Nxe4 cxd4 14. cxd4 f5 15.
Bc4+ Kh8 16. Ng5 f4 17. Bxf4 Qxd4 18. Nf7+ Kg8 19. Nh6+ Kh8 20. Nf7+ Kg8 21.
Qxd4 Nxd4 22. Nh6+ Kh8 23. Nf7+ Kg8 24. Nh6+ Kh8 25. Nf7+ Kg8 26. Ng5+ e6 27.
Bg3 Nc2+ 28. Ke2 Nxa1 29. Rxa1 Re8 30. Rd1 h6 31. Ne4 b6 32. Nd6 Re7 33. Nxc8
Rxc8 34. b3 Kf7 35. Rd6 g5 36. Kd3 Rb8 37. f4 gxf4 38. Bxf4 Ree8 39. Ke4 Bf8
40. Rc6 Bc5 41. Bxh6 Rbc8 42. Rxc8 Rxc8 43. Bg5 Rh8 44. Kf4 Bf2 45. Kf3 Bd4 46.
Bf6 Rh6 47. h4 Rxf6+ 48. exf6 Kxf6 49. Kg4 Bf2 50. Kh3 e5 51. Bd3 Ke6 52. Be4
Be3 53. g4 Kf7 54. g5 Kg7 55. Kg4 Bc5 56. Kf5 Bf2 57. h5 Be3 58. h6+ Kh8 59.
Kg4 Bd4 60. g6 Be3 61. g7+ Kg8 62. Bd5+ 1-0

[Event "Toronto op"]
[Site "Toronto, CAN"]
[Date "2014.04.18"]
[Round "2"]
[White "Gerzhoy, Leonid"]
[Black "Peev, Pavel"]
[Result "1-0"]
[WhiteElo "2583"]
[BlackElo "2221"]
[PlyCount "67"]
[EventDate "2014.04.18"]
[EventType "swiss"]
[EventRounds "6"]
[EventCountry "CAN"]

1. d4 Nf6 2. c4 c5 3. d5 b5 4. cxb5 a6 5. e3 axb5 6. Bxb5 Qa5+ 7. Nc3 Bb7 8.
Nge2 Nxd5 9. O-O e6 10. e4 Nxc3 11. Nxc3 Be7 12. Bf4 O-O 13. Qd3 Ba6 14. a4 Rd8
15. Qg3 Qb4 16. Rad1 Nc6 17. Bc7 Re8 18. Rxd7 Bxb5 19. axb5 Nd4 20. Be5 f6 21.
Bd6 Qxb2 22. Bxc5 Qxc3 23. Bxd4 Qxg3 24. hxg3 Rad8 25. Rxd8 Rxd8 26. Be3 Rb8
27. b6 Bd8 28. Rb1 Rb7 29. Rd1 Rb8 30. Rb1 Rb7 31. Ra1 Rb8 32. b7 Bc7 33. Rb1
Rd8 34. Rc1 1-0

[Event "Toronto op"]
[Site "Toronto, CAN"]
[Date "2014.04.18"]
[Round "2"]
[White "Itkin, David"]
[Black "Sapozhnikov, Roman"]
[Result "1-0"]
[WhiteElo "2206"]
[BlackElo "2385"]
[PlyCount "92"]
[EventDate "2014.04.18"]
[EventType "swiss"]
[EventRounds "6"]
[EventCountry "CAN"]

1. e4 e5 2. Nf3 Nc6 3. Nc3 Nf6 4. Be2 Bb4 5. Nd5 Ba5 6. Nxf6+ Qxf6 7. O-O d6 8.
c3 O-O 9. d4 exd4 10. cxd4 Re8 11. d5 Ne5 12. Qa4 Bg4 13. Qxa5 Nxf3+ 14. Bxf3
Bxf3 15. gxf3 Qxf3 16. Qc3 Qxe4 17. Qg3 Qxd5 18. Bh6 Qe5 19. Bf4 Qa5 20. Bh6
Qe5 21. Bf4 Qf6 22. Rac1 Re4 23. Bd2 Qf5 24. f3 Re6 25. Kh1 c5 26. Rce1 d5 27.
Rxe6 fxe6 28. b4 Qd3 29. Qe1 e5 30. bxc5 Rf8 31. Qf2 e4 32. f4 d4 33. Rg1 e3
34. Qg2 Rf7 35. Bb4 Qc4 36. a3 d3 37. Qf3 Qxf4 38. Qxf4 Rxf4 39. Bc3 g6 40. Rd1
d2 41. Bxd2 Rd4 42. Kg1 exd2 43. Kf2 Kf7 44. Ke3 Rd5 45. Ke4 Ke6 46. a4 Rxc5
1-0

[Event "Toronto op"]
[Site "Toronto, CAN"]
[Date "2014.04.19"]
[Round "3"]
[White "Filipovich, David"]
[Black "Itkin, David"]
[Result "0-1"]
[WhiteElo "2223"]
[BlackElo "2206"]
[PlyCount "124"]
[EventDate "2014.04.18"]
[EventType "swiss"]
[EventRounds "6"]
[EventCountry "CAN"]

1. Nf3 Nf6 2. g3 g6 3. Bg2 Bg7 4. O-O O-O 5. d4 d6 6. b3 Nc6 7. Bb2 e5 8. dxe5
Ng4 9. Qc1 Ngxe5 10. Nxe5 Nxe5 11. f4 Nc6 12. Bxg7 Kxg7 13. Nc3 Re8 14. e4 f6
15. Qd2 Be6 16. Rae1 a5 17. f5 Bf7 18. fxg6 hxg6 19. Rf2 Ne5 20. Ref1 Be6 21.
Nd5 Bxd5 22. Qxd5 Ng4 23. Re2 Re5 24. Qxb7 Rb8 25. Qc6 Rc5 26. Qa4 Rb4 27. Qa3
Qb8 28. h3 Ne5 29. Qc1 Rc3 30. Qf4 Qb6+ 31. Kh2 d5 32. Qd2 d4 33. Ref2 Qd6 34.
Rd1 a4 35. Qxc3 dxc3 36. Rxd6 cxd6 37. Re2 axb3 38. axb3 Rb5 39. Re3 Rc5 40.
Kg1 Nc6 41. Bf1 Nd4 42. Bc4 f5 43. exf5 gxf5 44. Kf2 d5 45. Bd3 Kf6 46. Re8
Nxb3 47. cxb3 c2 48. Bxc2 Rxc2+ 49. Re2 Rc3 50. Re3 Rc2+ 51. Re2 Rc3 52. Re3
Rc2+ 53. Kf3 d4 54. Rd3 Ke5 55. h4 Rb2 56. h5 Rh2 57. b4 Rb2 58. g4 fxg4+ 59.
Kxg4 Ke4 60. Rh3 d3 61. h6 Rg2+ 62. Kh5 d2 0-1

[Event "Toronto op"]
[Site "Toronto, CAN"]
[Date "2014.04.19"]
[Round "3"]
[White "Sapozhnikov, Roman"]
[Black "Gerzhoy, Leonid"]
[Result "0-1"]
[WhiteElo "2385"]
[BlackElo "2583"]
[PlyCount "148"]
[EventDate "2014.04.18"]
[EventType "swiss"]
[EventRounds "6"]
[EventCountry "CAN"]

1. d4 Nf6 2. c4 d6 3. Nf3 Nbd7 4. Nc3 e5 5. e4 Be7 6. g3 O-O 7. Bg2 c6 8. O-O
a6 9. a4 a5 10. Re1 Re8 11. h3 Bf8 12. b3 exd4 13. Nxd4 Nc5 14. Re2 g6 15. Qc2
Bg7 16. Be3 Nfd7 17. Rd1 Qb6 18. Rb1 Nf8 19. Qd2 Bd7 20. f3 Rad8 21. Ree1 Bc8
22. Red1 Qc7 23. Bg5 Rd7 24. Be3 Na6 25. h4 Nb4 26. Kf2 Ne6 27. Nde2 b6 28. h5
Bb7 29. Nf4 Nxf4 30. Bxf4 Rdd8 31. Rbc1 Qe7 32. hxg6 hxg6 33. Re1 Qf8 34. Bg5
Rc8 35. Bh3 Rc7 36. Be3 c5 37. Nb5 Rce7 38. Bf4 Rd8 39. Rcd1 Be5 40. Bh6 Qe8
41. Rh1 d5 42. cxd5 Bxd5 43. exd5 Rxd5 44. Qc1 Nd3+ 45. Rxd3 Rxd3 46. Rd1 Qd8
47. Rxd3 Qxd3 48. Bf1 Qxb3 49. Qd2 Bf6 50. Qd8+ Kh7 51. Qd6 Re6 52. Qf8 Qa2+
53. Kg1 Re1 54. Bf4 Bg7 55. Qc8 f5 56. Qd8 Qe2 57. Qh4+ Kg8 58. Qh3 Qxf3 59.
Qg2 Qxg2+ 60. Kxg2 Ra1 61. Bc4+ Kh7 62. Bb3 Rb1 63. Be6 Rb4 64. Bc7 Rxa4 65.
Bxb6 c4 66. Bc5 c3 67. Na3 Re4 68. Bb3 Bd4 69. Bd6 Be5 70. Bc5 Rg4 71. Bf2 Bxg3
72. Kf3 Bxf2 73. Kxf2 Rb4 74. Bc2 Rb2 0-1

[Event "Toronto op"]
[Site "Toronto, CAN"]
[Date "2014.04.19"]
[Round "4"]
[White "Cheng, Bindi"]
[Black "Itkin, David"]
[Result "1/2-1/2"]
[WhiteElo "2522"]
[BlackElo "2206"]
[PlyCount "65"]
[EventDate "2014.04.18"]
[EventType "swiss"]
[EventRounds "6"]
[EventCountry "CAN"]

1. g3 Nf6 2. Bg2 g6 3. d4 Bg7 4. e4 d6 5. Ne2 O-O 6. Nbc3 Nbd7 7. O-O c5 8. h3
cxd4 9. Nxd4 Nc5 10. Re1 Qc7 11. Bg5 Be6 12. Qd2 Rac8 13. Nd5 Bxd5 14. exd5
Rfe8 15. Rac1 a6 16. c4 h6 17. Bf4 Nh5 18. Bxh6 Nd3 19. Qxd3 Bxh6 20. Rc2 Qa5
21. Rce2 Qxa2 22. Nb3 Qa4 23. Rxe7 Rxe7 24. Rxe7 Qxc4 25. Qxc4 Rxc4 26. Rxb7
Rc2 27. Bf3 Rxb2 28. Nc5 Rxb7 29. Nxb7 Bf8 30. Be2 Nf6 31. Bc4 Be7 32. Kg2 Kf8
33. Kf3 1/2-1/2